000 00867pam a2200277 a 4500
001 4964101
005 20260116174842.0
008 970827s1998 maua b 001 0 eng
020 _a0256245681
_qacid-free paper
020 _a0072897732
_qBusiness Week ed.
020 _a9780256245684
_q(acid-free paper)
020 _a9780072897739
_q(Business Week ed.)
050 0 0 _aHF5635
_b.L684 1998
082 0 0 _a657
_221
100 1 _aLibby, Robert.
245 1 0 _aFinancial accounting /
_cRobert Libby, Patricia A. Libby, Daniel G. Short.
250 _a2nd ed.
260 _aBoston :
_bIrwin/McGraw-Hill,
_cc1998.
300 _axliv, 815 p. :
_bcol. ill. ;
_c28 cm.
650 0 _aAccounting.
650 0 _aCorporations
_xAccounting.
650 0 _aFinancial statements.
700 1 _aLibby, Patricia A.
700 1 _aShort, Daniel G.
942 _2lcc
_cBK
_e2nd Ed.
_n0
999 _c8589
_d8589